Gasto en bienes y servicios culturales de los hogares del gran Santiago: 1988- 1997

Uloženo v:
Podrobná bibliografie
Hlavní autoři: Bernasconi Ramírez, Oriana (Autor), Puentes Encina, Esteban (Autor)
Médium: Kniha
Jazyk:španělština
Vydáno: Santiago Ministerio de Planificación y Cooperación 2001
Vydání:1a. ed
Témata:
Tagy: Přidat tag
Žádné tagy, Buďte první, kdo vytvoří štítek k tomuto záznamu!

MARC

LEADER 00000nam a2200000 a 4500
001 UCL8634
003 CL-VaPUC
008 040702e20010700CL |||||||||||||||||spa|d
020 |a 9567463794 
082 0 4 |a 306.4  |b BER  |2 21 
100 0 |a Bernasconi Ramírez, Oriana  |e author  |9 486563 
700 0 |a Puentes Encina, Esteban  |e author  |9 486564 
245 1 0 |a Gasto en bienes y servicios culturales de los hogares del gran Santiago: 1988- 1997 
250 |a 1a. ed 
300 |a 100 p  
942 |c BK 
945 |d 20040702 00:00:00  |a cmena 
260 |a Santiago  |b Ministerio de Planificación y Cooperación  |c 2001 
650 7 |a ENCUESTAS SOCIALES  |2 CL-VaPUC  |9 271428 
650 0 |a Bienes culturales  |9 410009 
650 7 |a BIENES FAMILIARES  |2 CL-VaPUC  |9 392398 
650 0 |a Análisis sociológico  |9 337962 
650 7 |a INDICADORES SOCIALES  |2 CL-VaPUC  |9 307123 
651 7 |a CHILE  |2 CL-VaPUC  |9 486565 
583 |a last modification  |c 20040702 00:00:00  |k Rodrigo Vera 
999 |c 309834  |d 309832 
952 |0 0  |1 0  |4 0  |6 306_400000000000000_BER_2001  |7 0  |8 A  |9 377603  |a BIBGIM  |b BIBGIM  |d 2019-11-21  |i 3868516  |o 306.4 BER 2001  |p 3868516  |r 2025-01-15  |w 2019-11-21  |y BK  |k GIM